| 000 | 00469nam a2200181Ia 4500 | ||
|---|---|---|---|
| 008 | 230917s9999||||xx |||||||||||||| ||und|| | ||
| 020 | _cRS425 | ||
| 040 |
_e221240 _aMAIN |
||
| 041 | _aEnglish | ||
| 082 | _a589.3 V442B | ||
| 100 | _aVashishta, B R | ||
| 245 | 0 | _aBotany for degree students: Algae | |
| 250 | _aRev. ed. | ||
| 260 |
_aNew Delhi _bS Chand _c2014 |
||
| 300 | _axii, 612 p. | ||
| 500 | _a1718 24/12/2014 RBP43226 16/01/2015 Main Budget | ||
| 942 | _cBK | ||
| 999 |
_c12864 _d12864 |
||